Welcome to WEB OPAC of MRSPTU Central Library

Geotechnical engineering (Record no. 4643)

MARC details
000 -LEADER
fixed length control field 00416nam a2200169Ia 4500
008 - FIXED-LENGTH DATA ELEMENTS--GENERAL INFORMATION
fixed length control field 230711s9999||||xx |||||||||||||| ||und||
041 ## - LANGUAGE CODE
Language code of text/sound track or separate title ENG
082 ## - DEWEY DECIMAL CLASSIFICATION NUMBER
Classification number 624
Item number GU-G
100 ## - MAIN ENTRY--PERSONAL NAME
Personal name Datta,ManojĀ 
245 #0 - TITLE STATEMENT
Title Geotechnical engineering
250 ## - EDITION STATEMENT
Edition statement 1st . Ed.
260 ## - PUBLICATION, DISTRIBUTION, ETC.
Date of publication, distribution, etc. 2005
Place of publication, distribution, etc. New Delhi
Name of publisher, distributor, etc. Tata McGraw Hill Education Limited
300 ## - PHYSICAL DESCRIPTION
Extent 738
650 ## - SUBJECT ADDED ENTRY--TOPICAL TERM
Topical term or geographic name entry element Civil Engineering
700 ## - ADDED ENTRY--PERSONAL NAME
Personal name Gulhati,S
942 ## - ADDED ENTRY ELEMENTS (KOHA)
Koha item type Book
Holdings
Withdrawn status Lost status Damaged status Not for loan Collection Home library Current library Date acquired Total checkouts Full call number Barcode Date due Date last seen Date last checked out Price effective from Koha item type
          MRSPTU Central Library MRSPTU Central Library   1 624 GU-G 16103 09/11/2023 09/11/2023 09/11/2023 08/17/2023 Book
          MRSPTU Central Library MRSPTU Central Library   3 624 GU-G 16104   10/30/2025 10/09/2025 08/17/2023 Book
          MRSPTU Central Library MRSPTU Central Library     624 GU-G 16105   08/17/2023   08/17/2023 Book
          MRSPTU Central Library MRSPTU Central Library   1 624 GU-G 16106   08/08/2024 08/05/2024 08/17/2023 Book
          MRSPTU Central Library MRSPTU Central Library   1 624 GU-G 16107   06/20/2024 05/16/2024 08/17/2023 Book
          MRSPTU Central Library MRSPTU Central Library     624 GU-G 16678   08/17/2023   08/17/2023 Book
          MRSPTU Central Library MRSPTU Central Library     624 GU-G 16679   08/17/2023   08/17/2023 Book
          MRSPTU Central Library MRSPTU Central Library     624 GU-G 16680   08/17/2023   08/17/2023 Book
          MRSPTU Central Library MRSPTU Central Library   1 624 GU-G 16681   08/21/2025 08/30/2023 08/17/2023 Book
          MRSPTU Central Library MRSPTU Central Library   2 624 GU-G 16682   09/12/2025 08/21/2025 08/17/2023 Book
          MRSPTU Central Library MRSPTU Central Library     624 GU-G 16683   08/17/2023   08/17/2023 Book
          MRSPTU Central Library MRSPTU Central Library     624 GU-G 16684   08/17/2023   08/17/2023 Book
          MRSPTU Central Library MRSPTU Central Library     624 GU-G 16685   08/17/2023   08/17/2023 Book
          MRSPTU Central Library MRSPTU Central Library     624 GU-G 16686   08/17/2023   08/17/2023 Book
          MRSPTU Central Library MRSPTU Central Library     624 GU-G 16687   08/17/2023   08/17/2023 Book

Website Designed and Developed by MRSPTU Central Library Team

E-mail Id: librarian@mrsptu.ac.in